Seychelles : Third Review under the Extended Arrangement, Request for Modification of Performance Criteria, Financing Assurances Review; Staff Report; Press Release on the Executive Board Discussion.

Seychelles's economy has recovered strongly from the debt crisis and global recession, owing to high foreign direct investment and a rebound in tourism. Inflation remained near zero, and the country continued to rebuild its international reserves and reduce public debt. In 2011, the policy mix...

Ausführliche Beschreibung

Bibliographische Detailangaben
Körperschaft: International Monetary Fund
Format: Zeitschrift
Sprache:English
Veröffentlicht: Washington, D.C. : International Monetary Fund, 2011.
Schriftenreihe:IMF Staff Country Reports; Country Report ; No. 2011/134
Online Zugang:Full text available on IMF
LEADER 01783cas a2200241 a 4500
001 AALejournalIMF007236
008 230101c9999 xx r poo 0 0eng d
020 |c 5.00 USD 
020 |z 9781455280568 
022 |a 1934-7685 
040 |a BD-DhAAL  |c BD-DhAAL 
110 2 |a International Monetary Fund. 
245 1 0 |a Seychelles :   |b Third Review under the Extended Arrangement, Request for Modification of Performance Criteria, Financing Assurances Review; Staff Report; Press Release on the Executive Board Discussion. 
264 1 |a Washington, D.C. :  |b International Monetary Fund,  |c 2011. 
300 |a 1 online resource (53 pages) 
490 1 |a IMF Staff Country Reports 
500 |a <strong>Off-Campus Access:</strong> No User ID or Password Required 
500 |a <strong>On-Campus Access:</strong> No User ID or Password Required 
506 |a Electronic access restricted to authorized BRAC University faculty, staff and students 
520 3 |a Seychelles's economy has recovered strongly from the debt crisis and global recession, owing to high foreign direct investment and a rebound in tourism. Inflation remained near zero, and the country continued to rebuild its international reserves and reduce public debt. In 2011, the policy mix under the economic program supported by the Extended Fund Facility has been adjusted in response to global commodity price shocks and financial difficulties of Air Seychelles. Structural reforms will focus on strengthening the financial sector and restructuring of state-owned financial institutions. 
538 |a Mode of access: Internet 
830 0 |a IMF Staff Country Reports; Country Report ;  |v No. 2011/134 
856 4 0 |z Full text available on IMF  |u http://elibrary.imf.org/view/journals/002/2011/134/002.2011.issue-134-en.xml  |z IMF e-Library